Animating with flash MX : profesional creative animation techniques

Bibliographic Details
Main Author: Michael, Alex (Author)
Format: Book
Language:English
Published: Oxford : Focal Press 2003
Subjects:

MARC

LEADER 00000cam a2200000 7i4500
001 0000011781
005 20241017.0
008 231205 enka eng
020 |a 0240519051 (pbk) 
040 |a INS   |b eng   |e rda 
090 0 0 |a TR8977   |b .M53 2003 
100 1 |a Michael, Alex ,   |e author 
245 1 0 |a Animating with flash MX :   |b profesional creative animation techniques   |c Alex Michael 
264 1 |a Oxford :   |b Focal Press   |c 2003 
300 |a xv, 433 pages :   |b illustrations, some colour ;   |c 25 cm +.   |e 1 CD-ROM (4 3/4 in.) 
336 |a text  |2 rdacontent 
337 |a unmediated  |2 rdamedia 
338 |a volume  |2 rdacarrier 
500 |a Includes index 
650 0 |a Computer animation 
999 |a 0000011404   |b BOOK   |c Open Shelf   |e Default branch